| 000 | 00621cam a2200217ua 4500 | ||
|---|---|---|---|
| 005 | 20231011131712.0 | ||
| 008 | 190930n ii |||gr||||Z||||||asm | ||
| 020 | _a8186416609 | ||
| 040 |
_cMAIN _aIN-DiNC |
||
| 041 | _dasm | ||
| 082 |
_a491.451 _bASA |
||
| 245 |
_aAsamiya bhashar upabhasha _cedited by Dipti Phukan Patgiri |
||
| 250 | _a3rd ed. | ||
| 260 |
_aGuwahati: _bGuwahati University press, _c2018. |
||
| 300 | _a318p. | ||
| 650 | _aSub language of Assamese | ||
| 653 | _aEast Indo-European & Celtic languages | ||
| 653 | _aAssamese language | ||
| 700 |
_aPatgiri, Dipti Phukan _eEditor |
||
| 942 |
_cBK _2ddc |
||
| 999 |
_c10360 _d10360 |
||